• 首页
  • 本馆介绍
  • 公告通知
  • 最新文献
  • 馆藏检索
  • 电子资源
  • 读者导购
  • 参考咨询
  • 我的图书馆
  • 登录
  • 详细信息显示
  • 放入我的书架
  • 预约/预借图书
  • 作者相关作品
  • 分类相关作品
  • 丛书相关作品
  • 出版社相关作品

书目信息

  • 表格格式
  • 工作单格式
  • 卡片格式
书名: The Reagan revolution?
作者: B.B. Kymlicka and Jean V. Matthews, editors.
分册号:
分册名:
出版地: Chicago, Ill. :
 
出版社: Dorsey Press
出版时间: c1988.
页数: xiv, 206, x p. ;
开本: 23 cm.
丛书名:
中图分类号:
科图分类号:
其他分类号: D771.2
主题词:
电子资源:
000 00999cam a2200301 a 450
001 E0760007843
005 20070515164126.71
008 880914s1988 ilu b 001 0 eng
010    @a87071556
020    @a0-256-06237-4.
020    @a0256061351 (hard).
035    @A(DLC) 87071556
040    @aDLC@cDLC@dDLC
043    @an-us---
050 00 @aE876@b.R4118 1988
082 00 @a973.927/092/4@2 19
090    @aD771.2
099    @dD771.2@ex130
245 04 @aThe Reagan revolution? / @cB.B. Kymlicka and Jean V. Matthews, editors.
260    @aChicago, Ill. :@bDorsey Press,@cc1988.
300    @axiv, 206, x p. ;@c23 cm.
504    @aIncludes bibliographies and index.
600 10 @aReagan, Ronald@xPolitical and social views.
651  0 @aUnited States@xPolitics and government@y1981-1989.
700 1  @aKymlicka, B. B.
700 1  @aMatthews, Jean V.,@d1937-
906    @a7@bcbc@corignew@d3@eopcn@f19@gy-gencatlg
991    @bc-GenColl@hE876@i.R4118 1988@p00003664284@tCopy 1@wBOOKS
    
    The Reagan revolution? / / B.B. Kymlicka and Jean V. Matthews, editors.-Chicago, Ill. : : Dorsey Press, , c1988.
    xiv, 206, x p. ; ; 23 cm.
    Includes bibliographies and index.
    
    ISBN 0-256-06237-4.
    
●
相关链接 在E读中查询图书 在五车中查询图书 在当当中查询图书 在豆瓣中查询图书


正题名:Reagan revolution?     索取号:D771.2/x130         预约/预借

序号 登录号 条形码 馆藏地/架位号 状态 备注
1 9678   300096786   第二样本阅览室/ [索取号:D771.2/x130] 在馆    
2 9679   300096795   第四借阅区/ [索取号:D771.2/x130] 在馆    
唐山师范学院图书馆 欢迎您!
大连网信软件有限公司© 版权所有